Modernizácia štátu - strategický faktor ekonomického a sociálneho rozvoja

Prekonávanie zásadných dezinterpretácií vo vymedzovaní charakteru a funkcií štátu. Vplyv globalizácie na fungovanie štátu. Modernizácia štátu a zmeny, ktoré umožňujú pozitívny posun v ekonomickom a v sociálnom rozvoji spoločnosti.

Salvato in:
Dettagli Bibliografici
Autore principale: Šikula, Milan
Natura: Capitolo di libro
Lingua:slovacco
Soggetti:
Tags: Aggiungi Tag
Nessun Tag, puoi essere il primo ad aggiungerne!!

MARC

LEADER 00000nla$a2200000$$$4500
001 0144892
005 20220427134722.2
041 0 |a slo 
044 |a SK 
245 1 0 |a Modernizácia štátu - strategický faktor ekonomického a sociálneho rozvoja  |c Milan Šikula 
520 |a Prekonávanie zásadných dezinterpretácií vo vymedzovaní charakteru a funkcií štátu. Vplyv globalizácie na fungovanie štátu. Modernizácia štátu a zmeny, ktoré umožňujú pozitívny posun v ekonomickom a v sociálnom rozvoji spoločnosti. 
610 2 0 |a štát 
610 2 0 |a história 
610 2 0 |a globalizácia 
610 2 0 |a modernizácia 
610 2 0 |a vývoj spoločenský 
610 2 0 |a rozvoj sociálno-ekonomický 
610 2 0 |a rovnováha sociálna 
100 1 |a Šikula, Milan